| 000 | 00387nam a2200157Ia 4500 | ||
|---|---|---|---|
| 005 | 20250701015258.0 | ||
| 008 | 240331s9999 xx 000 0 und d | ||
| 020 | _a9555540209 | ||
| 082 |
_bJAY _a891 |
||
| 100 | _aJayathilake,K | ||
| 245 | 0 | _aVimarshana sahitha kawsilumina kaawyaya | |
| 260 |
_aColombo _bPradeep Publishers _c1992 |
||
| 300 | _a288 p ., | ||
| 650 | _apoem | ||
| 942 | _cL | ||
| 999 |
_c5454 _d5454 |
||